Science and environment Series I

Sách cung cấp những từ vựng chuyên dùng trong lĩnh vực tin tức, ôn tập những chủ điểm ngữ pháp quan trọng và luyện nghe tiếng Anh với cả văn phong trang trọng lẫn đời thường.

Uloženo v:
Podrobná bibliografie
Hlavní autor: Berwick, Gwen
Další autoři: Thorne, Sydney, Lê Huy Lâm (Dịch)
Médium: Kniha
Jazyk:Vietnamese
Vydáno: Tp. Hồ Chí Minh Tổng hợp Tp. Hồ Chí Minh 2009
Edice:BBC World News English
Témata:
Tagy: Přidat tag
Žádné tagy, Buďte první, kdo otaguje tento záznam!
Thư viện lưu trữ: Thư viện Trường Đại học Nam Cần Thơ
LEADER 01145nam a22002297a 4500
001 NCT_96888
008 220305b xxu||||| |||| 00| 0 vie d
999 |c 4821  |d 4821 
020 |c 98000 
082 0 4 |2 23rd ed.  |a 428.24  |b B553 
100 1 |a Berwick, Gwen 
245 1 0 |a Science and environment  |n Series I  |c Gwen Berwick and Sydney Thorne ; Lê Huy Lâm (Dịch) 
260 |a Tp. Hồ Chí Minh  |b Tổng hợp Tp. Hồ Chí Minh  |c 2009 
300 |a 155 tr.  |b Minh họa  |c 22cm  |e 1 CD-ROM 
490 0 |a BBC World News English 
520 3 |a Sách cung cấp những từ vựng chuyên dùng trong lĩnh vực tin tức, ôn tập những chủ điểm ngữ pháp quan trọng và luyện nghe tiếng Anh với cả văn phong trang trọng lẫn đời thường. 
653 |a Ngôn ngữ Anh 
700 1 |a Thorne, Sydney  
700 1 |a Lê Huy Lâm   |e Dịch 
942 |2 ddc  |c BK 
952 |0 0  |1 0  |2 ddc  |4 0  |6 428_240000000000000_B553  |7 0  |9 22225  |a 000001  |b 000001  |d 2022-03-05  |o 428.24 B553  |p MD.19259  |r 2022-03-05  |v 98000.00  |w 2022-03-05  |y BK 
980 |a Thư viện Trường Đại học Nam Cần Thơ